000 00565nam a2200169Ia 4500
008 090711s9999 xx 000 0 und d
082 _b1494
100 _aबारी रमेश
245 _aइस्त्रायलSाी मत्स्यशेती
260 _c1999
300 _a189
600 _aबारी रमेश
630 _aइस्त्रायलSाी मत्स्यशेती
700 _aबारी रमेश
730 _aइस्त्रायलSाी मत्स्यशेती
942 _cBOOK
999 _c336476
_d336476